Next 5 Words (Musicals) II Quiz Stats

Quiz Updated Feb 17, 2014

Challenge
Share
Tweet
Embed
Score 0/20 Timer 07:00
1 Play Today
The line Next 5 words % Correct
We're off to see the wizard ...The wonderful Wizard of Oz
98.9%
A spoonful of sugar ...Helps the medicine go down
90.4%
Getting to know you getting ...To know all about you
65.2%
I'm gonna wash that ...Man right outa my hair
58.2%
Don't cry for me Argentina the truth ...Is I never left you
48.9%
Mamma mia here I go again my my ...How can I resist you?
47.8%
All day long I'd biddy biddy bum if ...I were a wealthy man
41.6%
I could have danced all night and ...Still have begged for more
38.3%
Something has changed within me ...Something is not the same
37.9%
This is the dawning of the age of Aquarius ...The age of Aquarius Aquarius
36.7%
The line Next 5 words % Correct
I get no kick from champagne mere alcohol ... Doesn't thrill me at all
28.6%
I like to be in America ...Okay by me in America
25.3%
Make 'em laugh make 'em laugh don't you ...Know everyone wants to laugh
24.6%
You know I'm just a fool who's willing to sit ...Around and wait for you
22.1%
To dream the impossible dream ... To fight the unbeatable foe
19.7%
There was a time when men were kind ...When their voices were soft
18.9%
Far far away, someone was weeping ...But the world was sleeping
17.5%
He lives in you he lives in me he ...Watches over everything we see
13.6%
Razzle Dazzle 'em Give 'em an act with ...Lots of flash in it
12.2%
Night time sharpens heightens each sensation ...Darkness stirs and wakes imagination
12%

You're not logged in!

Compare scores with friends on all Sporcle quizzes.
Sign Up with Email
OR
Log In

You Might Also Like...

Show Comments

Extras

Top Quizzes Today


Score Distribution

Your Account Isn't Verified!

In order to create a playlist on Sporcle, you need to verify the email address you used during registration. Go to your Sporcle Settings to finish the process.

Report this User

Report this user for behavior that violates our Community Guidelines.

Details: